| 000 | 00474nam a2200193Ia 4500 | ||
|---|---|---|---|
| 003 | 0100 | ||
| 008 | 130227s9999 xx 000 0 und d | ||
| 040 | _cARRUPELIB | ||
| 050 | _aKTZ51.9.M39 1983 | ||
| 100 | _aMay, Joan | ||
| 245 | _aZimbabwean women in colonial and customary law | ||
| 260 | _aHolmes McDougall | ||
| 260 | _bMambo Press | ||
| 260 | _CJoan, May | ||
| 300 | _avii | ||
| 300 | _b 128p. 25cm. | ||
| 650 | _bJesuits - Spiritual life | ||
| 942 |
_2lcc _01 |
||
| 999 |
_c2999 _d2999 |
||